| 000 | 00371nam a2200145Ia 4500 | ||
|---|---|---|---|
| 008 | 151213s9999 xx 000 0 und d | ||
| 100 | _aCharls Dickens | ||
| 245 |
_aA Tale of Two Cities _cCharls Dickens |
||
| 260 |
_aNew Delhi _bU B S Publications |
||
| 300 | _a4851 p. | ||
| 650 | _aEnglish | ||
| 650 | _aEnglish Literature | ||
| 700 | _aCharls Dickens | ||
| 999 |
_c3048 _d3048 |
||